Movies Quiz

Random Movies or Actor Quiz

Title Character Actors Quiz Stats

 Plays Quiz Updated Sep 30, 2019

Score 0/40 Timer 08:00
3 Plays Today
Movie Title Actor % Correct
Forrest Gump Tom Hanks
93.9%
Jerry Maguire Tom Cruise
87.9%
Erin Brockovich Julia Roberts
86.8%
Patch Adams Robin Williams
78.1%
Billy Madison Adam Sandler
75.4%
Malcolm X Denzel Washington
72.2%
Mary Poppins Julie Andrews
69.8%
Michael Clayton George Clooney
67.4%
Ed Wood Johnny Depp
56.2%
Annie Hall Diane Keaton
49.4%
Dick Tracy Warren Beatty
46.5%
Stuart Little (voice) Michael J. Fox
44%
Donnie Darko Jake Gyllenhaal
43.5%
Napoleon Dynamite Jon Heder
41.9%
Rooster Cogburn John Wayne
41.4%
Wyatt Earp Kevin Costner
41.4%
Dolores Claiborne Kathy Bates
29.7%
Michael CollinsLiam Neeson
26.3%
Jackie Brown Pam Grier
23.7%
Ned Kelly Heath Ledger
20.2%
Movie Title Actor % Correct
Mildred Pierce Joan Crawford
15.6%
Barton Fink John Turturro
15%
Bob Roberts Tim Robbins
14.8%
Hans Christian AndersenDanny Kaye
14.3%
Elmer Gantry Burt Lancaster
13%
Charlotte Gray Cate Blanchett
12%
Alice Adams Katharine Hepburn
11.7%
Billy Elliot Jamie Bell
11.4%
Tom JonesAlbert Finney
10.3%
Barry Lyndon Ryan O'Neal
10.2%
Vera Drake Imelda Staunton
8%
Anna Christie Greta Garbo
7.8%
Moll Flanders Robin Wright
7.4%
Antwone Fisher Derek Luke
7.3%
Stella Dallas Barbara Stanwyck
6.8%
Jean de Florette Gerard Depardieu
6.2%
Shirley Valentine Pauline Collins
5.7%
Carmen Jones Dorothy Dandridge
5.6%
Billy Bathgate Loren Dean
2.7%
Cleopatra Jones Tamara Dobson
1.4%

You're not logged in!

Compare scores with friends on all Sporcle quizzes.
OR
Log In

Sporcle TV

Today on Sporcle TV


Watch our educational content, quiz creation guides, and fun videos on Sporcle TV.

Show Comments

Extras

Top Quizzes Today


Score Distribution

Your Account Isn't Verified!

In order to create a playlist on Sporcle, you need to verify the email address you used during registration. Go to your Sporcle Settings to finish the process.

Report this User

Report this user for behavior that violates our Community Guidelines.

Details: